| 000 | 00477pab a2200169 454500 | ||
|---|---|---|---|
| 008 | 180718b2013 xxu||||| |||| 00| 0 eng d | ||
| 100 | _aBianchi, Emily C. | ||
| 245 | _aBright side of bad times: The affective advantages of entering the workforce in a recession | ||
| 260 | _c2013 | ||
| 300 | _ap.587-623. | ||
| 362 | _aDec | ||
| 650 | _aJob satisfaction | ||
| 650 | _aEconomic recession | ||
| 773 | _aAdministrative Science Quarterly | ||
| 908 | _aN | ||
| 909 | _a103393 | ||
| 999 |
_c103389 _d103389 |
||